Estudios de Derecho comparado (Record no. 122680)

MARC details
000 -LEADER
campo de control de longitud fija 01005nam a2200241 4500
001 - NÚMERO DE CONTROL
campo de control 122680
003 - IDENTIFICADOR DE NÚMERO DE CONTROL
campo de control ES-MaACL
005 - FECHA Y HORA DE LA ÚLTIMA TRANSACCIÓN
campo de control 20251114063115.0
007 - CAMPO FIJO DE DESCRIPCIÓN FÍSICA--INFORMACIÓN GENERAL
campo de control de longitud fija t|
008 - DATOS DE LONGITUD FIJA--INFORMACIÓN GENERAL
campo de control de longitud fija 070214s1951 sp r ||||1| spa d
100 1# - ENTRADA PRINCIPAL--NOMBRE DE PERSONA
Nombre de persona Puig Brutau, José,
Fechas asociadas al nombre 1909-2003
9 (RLIN) 94254
245 10 - MENCIÓN DEL TÍTULO
Título Estudios de Derecho comparado
Resto del título : la doctrina de los actos propios /
Mención de responsabilidad, etc. José Puig Brutau ; prólogo de Ramón Mª Roca Sastre.
260 ## - PUBLICACIÓN, DISTRIBUCIÓN, ETC.
Lugar de publicación, distribución, etc. Barcelona :
Nombre del editor, distribuidor, etc. Ariel,
Fecha de publicación, distribución, etc. 1951.
300 ## - DESCRIPCIÓN FÍSICA
Extensión 136 p. ;
Dimensiones 24 cm.
510 ## - NOTA DE CITAS O REFERENCIAS BIBLIOGRÁFICAS
Nombre de la fuente CCPB,
Localización dentro de la fuente 001351150-5.
650 #7 - PUNTO DE ACCESO ADICIONAL DE MATERIA--TÉRMINO DE MATERIA
Término de materia o nombre geográfico como elemento de entrada Derecho
Fuente del encabezamiento o término embne
9 (RLIN) 11602
700 1# - ENTRADA AGREGADA--NOMBRE PERSONAL
Nombre de persona Roca Sastre, Ramón María,
Fechas asociadas al nombre 1899-1979
9 (RLIN) 98011
852 ## - LOCALIZACIÓN
Ubicación ES-MaACL
Número de control de estantería D-6390
Sublocalización o colección R.31724
-- R.M.5985
Ubicación en estantería Sala Valle Inclán
Marcas de propiedad Sello en tinta azul de la Biblioteca del Ateneo de Madrid.
Anotaciones manuscritas Anotación manuscrita a lápiz en cubierta: "9".
Nota libre "11.MAR.1952"
itemnumber 127233
942 ## - ELEMENTOS DE ENTRADA SECUNDARIOS (KOHA)
Fuente del sistema de clasificación o colocación Clasificación decimal universal
Tipo de ítem Koha Libro impreso
Holdings
Estatus retirado Estado de pérdida Estado de daño No para préstamo Biblioteca de origen Biblioteca actual Ubicación en estantería Fecha de adquisición Fuente de adquisición Total de préstamos Signatura topográfica completa Código de barras Visto por última vez Precio de reemplazo Tipo de ítem Koha
        Biblioteca del Ateneo de Madrid Biblioteca del Ateneo de Madrid Sala Valle Inclán 17/01/2008     D-6390 901127834 23/02/2023 23/02/2023 Libro impreso